Vplyv inflácie na úspory Príloha
Vplyv inflácie na sporenie. Index spotrebiteľských cien. Reálna výnosnosť úspor. Odhad očakávanej miery inflácie. Skúsenosti z USA. Nedostatky Fisherovho modelu úroku.
Guardado en:
| Autor principal: | |
|---|---|
| Formato: | Capítulo de libro |
| Lenguaje: | eslovaco |
| Materias: | |
| Etiquetas: |
Sin Etiquetas, Sea el primero en etiquetar este registro!
|
MARC
| LEADER | 00000naa a2200000 4500 | ||
|---|---|---|---|
| 001 | r021074 | ||
| 005 | 20251104124118.1 | ||
| 041 | 0 | |a slo | |
| 044 | |a SK | ||
| 245 | 1 | 0 | |a Vplyv inflácie na úspory |b Príloha |c R. Sikela |
| 520 | |a Vplyv inflácie na sporenie. Index spotrebiteľských cien. Reálna výnosnosť úspor. Odhad očakávanej miery inflácie. Skúsenosti z USA. Nedostatky Fisherovho modelu úroku. | ||
| 610 | 2 | 0 | |a sporenie obyvateľstva |
| 610 | 2 | 0 | |a miera inflácie |
| 610 | 2 | 0 | |a index nákladov životných |
| 610 | 2 | 0 | |a USA |
| 610 | 2 | 0 | |a modely ekonomické |
| 610 | 2 | 0 | |a indexy cenové |
| 610 | 2 | 0 | |a ceny spotrebiteľské |
| 610 | 2 | 0 | |a výnosy |
| 100 | 1 | |a Sikela, R. | |